LIBRARY & INFORMATION CENTRE, KCAET, TAVANUR

ONLINE PUBLIC ACCESS CATALOGUE (OPAC)

Organic Manueres / (Record no. 1376)

MARC details
000 -LEADER
fixed length control field 00509cam a2200205ua 4500
041 ## - LANGUAGE CODE
Language code of text/sound track or separate title eng
082 ## - DEWEY DECIMAL CLASSIFICATION NUMBER
Classification number 631.86
Item number GAU/OR
100 ## - MAIN ENTRY--AUTHOR NAME
Personal name Gaur, A.C .
245 ## - TITLE STATEMENT
Title Organic Manueres /
250 ## - EDITION STATEMENT
Edition statement 1 /
260 ## - PUBLICATION, DISTRIBUTION, ETC. (IMPRINT)
Place of publication New Delhi :
Name of publisher Indian Council for Agricultural Research ,
Year of publication 1995.
300 ## - PHYSICAL DESCRIPTION
Number of Pages 159 ; .
700 1# - ADDED ENTRY--PERSONAL NAME
Personal name Dargan, K.S .
700 1# - ADDED ENTRY--PERSONAL NAME
Personal name Neelakantan, S .
942 ## - ADDED ENTRY ELEMENTS (KOHA)
Koha item type Books
Holdings
Withdrawn status Lost status Damaged status Home library Current library Date acquired Full call number Accession Number Koha item type
      KAUAET KAUAET 07/04/2012 631.86 19540 Books
free website counter